000 00519nam a22001697a 4500
999 _c57550
_d57550
005 20211220124144.0
008 200728s2006 dk ||||| |||| 00| 0 ger d
020 _a9783150181034
041 _ager
080 _a1(09) F-63
100 _aFlasch, Kurt
_99065
245 _aDas philosophische Denken im Mittelalter :
_bVon Augustin zu Machiavelli /
_cKurt Flasch.
264 _aStuttgard :
_bReclams Universal-Bibliothek,
_c2006.
300 _a808 p.
_b15 cm.
653 _aფილოსოფია
942 _2udc
_cBK